000
00198 a2200097 4500
001
15579
100
_a
Dickens, C
245
_a
Great Enpactations
260
_a
_b
Pan Book
_c
090
_c
12150
_d
12150
942
_a
NUST-CAE
_c
M
_c
2393
999
_c
250652
_d
250652